Statystyki dla dyktatorzy różnych państw

Kliknij tutaj aby rozwiązać quiz!

Ogólne statystyki

  • Ten quiz został rozwiązany 55 razy
  • Średni wynik to 6 z 10

Statystyki odpowiedzi

HintOdpowiedź% Poprawnych
3 rzeszaadolf hitler
98%
rosjawladimir putin
92%
zsrrjuzef stalin
88%
białoruśaleksandr łukaszenka
85%
korea północnakim dzong un
79%
komunistyczna kambodżapol pot
56%
japoniahirohito
50%
chińska partia kuomintangczang kaj szek
23%
chińska republika ludowamao tsetung
17%
imperium osmańskieismail enver
6%

Rozkład punktacji

Percentyl według liczby udzielonych odpowiedzi

Procent ludzi z każdym wynikiem

Twoja historia wyników

Nie rozwiązałeś tego quizu